International economics : (Record no. 2261)

MARC details
000 -LEADER
fixed length control field 01313cam a2200373 a 4500
001 - CONTROL NUMBER
control field 16354347
003 - CONTROL NUMBER IDENTIFIER
control field OSt
005 - DATE AND TIME OF LATEST TRANSACTION
control field 20180207105906.0
008 - FIXED-LENGTH DATA ELEMENTS--GENERAL INFORMATION
fixed length control field 100729s2012 maua b 001 0 eng
010 ## - LIBRARY OF CONGRESS CONTROL NUMBER
LC control number 2010031988
020 ## - INTERNATIONAL STANDARD BOOK NUMBER
International Standard Book Number 9780132146654
020 ## - INTERNATIONAL STANDARD BOOK NUMBER
International Standard Book Number 0132146657
035 ## - SYSTEM CONTROL NUMBER
System control number (OCoLC)ocn651153796
040 ## - CATALOGING SOURCE
Original cataloging agency DLC
Transcribing agency DLC
Modifying agency YDX
-- YDXCP
-- OBE
-- DLC
050 00 - LIBRARY OF CONGRESS CALL NUMBER
Classification number HF1359
Item number .K78 2012
082 00 - DEWEY DECIMAL CLASSIFICATION NUMBER
Classification number 337
Edition number 22
245 10 - TITLE STATEMENT
Statement of responsibility, etc Paul R. Krugman, Maurice Obstfeld, Marc J. Melitz.
100 1# - MAIN ENTRY--PERSONAL NAME
Personal name Krugman, Paul R.
245 10 - TITLE STATEMENT
Title International economics :
Remainder of title theory & policy /
250 ## - EDITION STATEMENT
Edition statement 9th ed.
260 ## - PUBLICATION, DISTRIBUTION, ETC. (IMPRINT)
Place of publication, distribution, etc Boston :
Name of publisher, distributor, etc Pearson Addison-Wesley,
Date of publication, distribution, etc c2012.
300 ## - PHYSICAL DESCRIPTION
Extent xxix, 701 p. :
Other physical details ill. (some col.) ;
Dimensions 26 cm.
490 1# - SERIES STATEMENT
Series statement The Pearson series in economics
500 ## - GENERAL NOTE
General note Rev. ed. of: International economics : theory and policy / Paul Krugman, Maurice Obstfeld. 8th ed.
504 ## - BIBLIOGRAPHY, ETC. NOTE
Bibliography, etc Includes bibliographical references and index.
650 #0 - SUBJECT ADDED ENTRY--TOPICAL TERM
Topical term or geographic name as entry element International economic relations.
650 #0 - SUBJECT ADDED ENTRY--TOPICAL TERM
Topical term or geographic name as entry element International finance.
700 1# - ADDED ENTRY--PERSONAL NAME
Personal name Obstfeld, Maurice.
700 1# - ADDED ENTRY--PERSONAL NAME
Personal name Melitz, Marc J.
830 #0 - SERIES ADDED ENTRY--UNIFORM TITLE
Uniform title Pearson series in economics.
906 ## - LOCAL DATA ELEMENT F, LDF (RLIN)
a 7
b cbc
c orignew
d 1
e ecip
f 20
g y-gencatlg
942 ## - ADDED ENTRY ELEMENTS (KOHA)
Source of classification or shelving scheme Dewey Decimal Classification
Koha item type Books
Holdings
Withdrawn status Lost status Source of classification or shelving scheme Damaged status Not for loan Home library Current library Shelving location Date acquired Total Checkouts Full call number Barcode Date last seen Price effective from Koha item type Copy number
          Methodist University Library Main Methodist University Library Main General Stacks     HF1359 .K78 3406 03/03/2018 03/03/2018 Books 1
    Dewey Decimal Classification     Methodist University Library Tema Methodist University Library Tema Reference 07/02/2018   HF1359 .K93 4347 07/02/2018 07/02/2018 Books  
Copyright © 2026  MUG Library